书目信息 |
| 题名: |
光及有关电磁辐射的量的单位
|
|
| 作者: | 徐大刚 编 | |
| 分册: | ||
| 出版信息: | 北京 计量出版社 1983 |
|
| 页数: | 94页 | |
| 开本: | 19cm | |
| 丛书名: | 量和单位丛书 | |
| 单 册: | ||
| 中图分类: | TB98 | |
| 科图分类: | ||
| 主题词: | 电磁辐射-计量单位 , 计量单位-电磁辐射 , 计量单位-光 , 光-计量单位 | |
| 电子资源: | ||
| ISBN: | ||
| 000 | 00775nam2 2200289 45 | |
| 001 | 0183000005 | |
| 005 | 20060731094215.78 | |
| 010 | @dCNY0.44 | |
| 091 | @a15210.267 | |
| 100 | @a19950705d1983 em y0chiy0121 ea | |
| 101 | 0 | @achi |
| 102 | @aCN@b110000 | |
| 105 | @ay z 000yy | |
| 200 | 10 | @a光及有关电磁辐射的量的单位@Aguang ji you guan dian ci fu she de liang de dan wei@f徐大刚编 |
| 210 | @a北京@c计量出版社@d1983 | |
| 215 | @a94页@d19cm | |
| 225 | 2 | @a量和单位丛书 |
| 410 | 0 | @120010@a量和单位丛书 |
| 606 | @a电磁辐射-计量单位 | |
| 606 | @a计量单位-电磁辐射 | |
| 606 | @a计量单位-光 | |
| 606 | @a光-计量单位 | |
| 690 | @aTB98@v3 | |
| 701 | 0 | @a徐大刚@Axu da gang@4编 |
| 801 | 2 | @aCN@bNLC@c20060731 |
| 801 | 0 | @aCN@bTSSF |
| 905 | @a10447@dTB98@e60 | |
| 光及有关电磁辐射的量的单位/徐大刚编.-北京:计量出版社,1983 |
| 94页;19cm.-(量和单位丛书) |
| ISBN :CNY0.44 |
| ● |
| 相关链接 |
|
|
|
|
正题名:光及有关电磁辐射的量的单位
索取号:TB98/60
 
预约/预借
| 序号 | 登录号 | 条形码 | 馆藏地/架位号 | 状态 | 备注 |
| 1 | 0434026 | 204340267 | 密集书库/ [索取号:TB98/60] | 在馆 |